000 01721nam a2200385 i 4500
001 000007008
003 DO-SdBNP
005 20260520131145.0
007 ta
008 090904e1992 dr gr 001 p spa d
040 _aDO-SdBNP
_bspa
_cBNPHU
_erda
082 4 _a861.44
_bE53g
_223
100 _aEmeterio Rondón, Pura
_eautor
_4aut.
_918861
245 1 0 _aGénero épico y elemento popular en Compadre Mon /
_cPura Emeterio Rondón; edición de Luis Rojas ; prólogo, Francoise Perus.
264 1 _aSanto Domingo :
_bSecretaría de Estado de Educación,
_c1992.
300 _a171 páginas ;
_c21 cm
336 _atexto
_btxt
_2rdacontent
337 _asin mediación
_bn
_2rdamedia
338 _avolumen
_bnc
_2rdacarrier
490 _aPremios anuales
500 _aIncluye referencias bibliográficas y notas al pie de las páginas.
504 _aBibliografía: p. 163-171.
505 0 _tPara otra lectura de compadre Mon --
_tPluralidad genérica en compadre Mon --
_tIntegración de formas populares en compadre Mon --
_tLo popular como opción sociopolítica en compadre Mon. /
586 _aPremio Amual de Literatura 1991-1992.
590 _aInventariado 2023 / MF
650 4 _928212
_aCabral, Manuel, 1907-1999. Compadre Mon
_vCrítica e interpretación
650 4 _978415
_aLiteratura Dominica
700 1 _aRojas, Luis,
_eeditor
_4ed.
_919479
700 1 _aPerus, Francoise,
_eprólogo
_4prologuista
_919480
710 1 _aSecretaría de Estado de Educación, República Dominicana
_919481
710 1 _aDirección General de Cultura, República Dominicana
_919482
710 1 _aCentro Dominicano de Estudios de la Educación, República Dominicana
_919483
910 _aMFeliz
942 _2ddc
_cLBS1
_e23
999 _c6792
_d6792